Регионална библиотека "Любен Каравелов" - Русе

Голямата надпревара (Запис номер 95623)

MARC детайли
000 -Лидер
Контролно поле с фиксирана дължина 01280nam a2200325 c 4500
003 - Код на организацията, давaща контролен номер
Контролно поле BLK
005 - Дата и час на последна редакция
Контролно поле 20180422105009.0
008 - Елементи от данни с фиксирана дължина
fixed length control field 180409b bul|||||r ||||||| ||bul||
010 ## - Наследен системен номер
LC control number KNG00100484000
020 ## - Международен стандартен номер на книга ISBN
Международен стандартен номер на книга ISBN 954-733-246-5
-- издат.: Прозорец
040 ## - Източник на каталожния запис
Идентификатор на билиотеката - собственик на записа BLK
041 ## - Код за език
Код за езика на текст/звукозапис или на отделно заглавие Български
Код за езика КДБФ Български
080 ## - УДК
Текстов определител УДК Американска литература (на САЩ)
УДК код - определител по УДК 821.111(73)
УДК определител -312.4
УДК - код + определител 821.111(73)-312.4
100 1# - Редна дума - Автор
Автор Кланси, Том
Авторска отговорност първи автор
R(LIN) 79533
139 ## - Редно поле
Редна дума Кланси, Том
Авторски знак Кла - К 63
245 10 - Сведения за заглавието
Заглавие Голямата надпревара
Подзаглавни данни Роман
Редно поле (дума) Том Кланси; прев. от англ. Константин Николов; прев. от англ. Павел Талев.
257 ## - Страна на издаване
Страна на създаване/издаване Съединени американски щати
260 ## - Област на издателските данни
-- София
Име на издателя, разпространителя и проч. Прозорец
Година на издаване 2002
Печатница София : Инвестпрес
300 ## - Физическа характеристика
Страници 408 с.
Размери/Мащаб 20 см
380 ## - Жанр
Жанр Худож. лит.
490 1# - СЕРИИ (Колекции)
Име на серия Том Кланси
№: серия 5
500 ## - Общи забележки
Забележка Ориг. загл. The Great Race / Tom Clancy
700 1# - Други автори (авторска отговорност)
Лично име Николов, Константин
Автороска отговорност (Описва отношението между автора и произведението) прев. от англ.
9 (RLIN) 374123
700 1# - Други автори (авторска отговорност)
Лично име Талев, Павел
Автороска отговорност (Описва отношението между автора и произведението) прев. от англ.
9 (RLIN) 364722
852 ## - Местоположение
Форматна сигнатура Цб 210870
856 4# - Електронен адрес и достъп
Електронен формат pdf - файл
Път до файла /url/
856 4# - Електронен адрес и достъп
Електронен формат pdf - файл
Път до файла /url/
942 ## - АРТИКУЛИ
Вид на библиотечния материал Книги
Скрит в OPAC Не
Koha issues (borrowed), all copies 1
944 ## - СЪЗДАВАНЕ И РЕДАКЦИЯ на ЗАПИСА
Създаване/Редакция Създаване
Дата на регистрацията/редакция 01.01.2002
Служител, извършил регистрацията/редакцията Геновева_Генчева
944 ## - СЪЗДАВАНЕ И РЕДАКЦИЯ на ЗАПИСА
Създаване/Редакция Редакция
Дата на регистрацията/редакция 18.01.2005
Служител, извършил регистрацията/редакцията
999 ## - СИСТЕМНИ КОНТРОЛНИ НОМЕРА
Koha biblionumber 95623
Koha biblioitemnumber 95623
Наличности
Код за отписване Код за изгубен артикул Източник на класификационната схема Код за повреда Коз за рестрикции Код за отдаване Артикулен № Име на библиотеката - собственик Име на библиотеката, в която се намира в момента Статус (Текущо местоположение) Дата на вписване в системата Местоположение - отдел Цена в лева Инвентарен номер Систематично азбучна сигнатура Баркод Номер на екземпляра Цена в евро Служебна бележка Служебен тип на артикула
Изтеглен Не е изгубен Universal Decimal Classification Не е повреден без рестрикции заемане за дома 153452 Регионална библиотека "Любен Каравелов" Русе Регионална библиотека "Любен Каравелов" Русе Заемна - подръчен фонд 2002-02-25 Заемна - подръчен фонд 8.00 120000668838 П 820(73)-31/К 63 120000668838 1 4.09 Дост: Pk Вид: Ф N: 2 Дата: 22.02.2002 Книги
  Не е изгубен   Не е повреден без рестрикции ползва се в читалня 153453 Регионална библиотека "Любен Каравелов" Русе Регионална библиотека "Любен Каравелов" Русе Хранилище 2002-10-01 Хранилище 8.00 120000672529 Цб 210870 120000672529 2 4.09 Дост: Dp Вид: Д N: 9 Дата: 19.02.2002 Книги
Vip Innovations Ltd, Rousse, Bulgaria 2025